000 00589nam a2200217Ia 4500
003 OSt
005 20220927104730.0
006 a|||||r|||| 00| 0
007 ta
008 220926b |||||||| |||| 00| 0 eng d
024 _a150048
037 _cReference Collections
040 _aRTL
_cRTL
_beng
041 _2eng
_aeng
082 _a"Y:5p4,N82, M4/UN"
111 _aAsian & Pacific Population Conference 3rd (Sept : Colombo)
_9366928
245 0 _aSelected paper
260 _c1984
942 _h"Y:5p4,N82, M4/UN"
_cCC
999 _c688402
_d688402